书目信息 |
| 题名: |
生物衰老
|
|
| 作者: | 托尔夫波 ;王卓然 , 王钊于皓月 | |
| 分册: | ||
| 出版信息: | 北京 科学出版社 2012 |
|
| 页数: | 314 | |
| 开本: | 23cm | |
| 丛书名: | ||
| 单 册: | ||
| 中图分类: | Q41 | |
| 科图分类: | ||
| 主题词: | 普通生理学 | |
| 电子资源: | ||
| ISBN: | 7-03-034363-5 | |
| 000 | 00724nam0 2200205 450 | |
| 001 | 1735846483 | |
| 005 | 20170410095726.48 | |
| 010 | @a7-03-034363-5@d¥98.00 | |
| 100 | @a20170410d km y0chiy0120 ea | |
| 101 | 0 | @achi |
| 200 | 1 | @a生物衰老@Asheng wu shuai lao@e研究方法与实验方案@f托尔夫波(Tollefsbol,T.O.)@Ftuo er fu bo(Tollefsbol,T.O.)@g王钊于皓月,王卓然@Gwang zhao yu hao yue,wang zhuo ran |
| 210 | @a北京@c科学出版社@d2012 | |
| 215 | @a314@d23cm | |
| 606 | 0 | @a普通生理学 |
| 690 | @aQ41@v4 | |
| 701 | 0 | @a托尔夫波@Atuo er fu bo@bTollefsbol,T.O. |
| 702 | 0 | @a王卓然@Awang zhuo ran |
| 702 | 0 | @a王钊于皓月@Awang zhao yu hao yue |
| 801 | 0 | @aCN@b大连网信软件有限公司图书馆·11@c20170410 |
| 905 | @b6604509@dQ41@en2@f1 | |
| 生物衰老:研究方法与实验方案/托尔夫波(Tollefsbol,T.O.)/王钊于皓月,王卓然.-北京:科学出版社,2012 |
| 314;23cm |
| ISBN 7-03-034363-5:¥98.00 |
| ● |
| 相关链接 |
|
|
|
|
正题名:生物衰老
索取号:Q41/n2
 
预约/预借
| 序号 | 登录号 | 条形码 | 馆藏地/架位号 | 状态 | 备注 |
| 1 | 6604509 | 266045095 | 密集书库-生命科学系/ [索取号:Q41/n2] | 在馆 |